[Event "Challenge"]
[Site "http://www.queenalice.com/game.php?id=1621522"]
[Date "2020.7.25"]
[Round "-"]
[White "Silviamonica"]
[Black "montelo"]
[Result "1-0"]
[WhiteElo "1314"]
[BlackElo "2154"]

1. e4 e5 2. Nf3 Qf6 3. Bc4 Qg6 4. O-O d6 5. d4 Bh3 6. Ng5 Be6 7. Nxe6 fxe6 8.
dxe5 dxe5 9. Nc3 h5 10. f4 Bb4 11. f5 exf5 12. Rxf5 Qb6+ 13. Kh1 Qc6 14. Bb5 Ne7
15. Bxc6+ Nexc6 16. Nd5 Na6 17. Nxb4 Naxb4 18. Bg5 Rd8 19. Bxd8 Nxd8 20. Rxe5+
Kf7 21. Rxh5 Rxh5 22. Qxh5+ Kg8 23. Qe8+ Kh7 24. Qxd8 Nxc2 25. Rc1 Nb4 26. Rxc7
Nc6 27. Qd7 Kh6 28. Qxg7+ Kh5 29. h3 Nd4 30. Qg8 Ne6 31. Rh7# 1-0

[Event "Let's Play Chess!"]
[Site "http://www.queenalice.com/game.php?id=1625132"]
[Date "2020.8.26"]
[Round "-"]
[White "igorjava"]
[Black "Silviamonica"]
[Result "0-1"]
[WhiteElo "1925"]
[BlackElo "1359"]

1. e4 c5 2. Nf3 Nc6 3. d4 cxd4 4. Nxd4 e5 5. Nf3 Nf6 6. Bd3 Bc5 7. c3 d5 8. Bg5
dxe4 9. Bxf6 gxf6 10. Bxe4 Qxd1+ 11. Kxd1 Bxf2 12. g3 Be6 13. Nbd2 Ke7 14. Ke2
Bb6 15. a3 f5 16. Bc2 Rad8 17. b4 h6 18. a4 e4 19. Nh4 e3 20. Ndf3 Kf6 21. a5
Bc4+ 22. Ke1 Bc7 23. Nxf5 Ne5 24. Nxe5 Bxe5 25. Ra3 h5 26. Nxe3 Be6 27. Rf1+ Ke7
28. Bf5 Rd7 29. Bxe6 Kxe6 30. Nc4 Bg7 31. Rf2 Rhd8 32. Rc2 Rd1+ 33. Ke2 Rh1 34.
Kf3 Rdd1 35. Ne3 Rde1 36. c4 Bh6 37. b5 f5 38. a6 b6 39. Rd3 Bg5 40. h4 Be7 41.
Re2 Rxe2 42. Kxe2 Bc5 43. Rd5 Bxe3 44. Kxe3 Re1+ 45. Kf4 Re4+ 46. Kg5 Rxc4 47.
Rxf5 Rg4+ 48. Kxh5 Kxf5 0-1

[Event "Let's Play Chess!"]
[Site "http://www.queenalice.com/game.php?id=1625133"]
[Date "2020.8.26"]
[Round "-"]
[White "Silviamonica"]
[Black "igorjava"]
[Result "0-1"]
[WhiteElo "1359"]
[BlackElo "1923"]

1. e4 c5 2. Nf3 d6 3. Bc4 Nf6 4. d4 Nxe4 5. dxc5 Nxc5 6. Be3 Nc6 7. Nc3 e6 8.
Bxc5 dxc5 9. Qxd8+ Kxd8 10. O-O-O+ Bd7 11. Rhe1 a6 12. Ne5 Nxe5 13. Rxe5 Kc7 14.
Re3 b5 15. Be2 Bc6 16. Bf3 Be7 17. Kb1 Rhd8 18. Bxc6 Kxc6 19. Red3 Rxd3 20. Rxd3
Rd8 21. f3 Rxd3 22. cxd3 f5 23. Kc2 Bd6 24. g3 g5 25. Ne2 h5 26. h3 Kd5 27. b3
c4 28. bxc4+ bxc4 29. dxc4+ Kxc4 30. g4 h4 31. Nc1 Kd4 32. gxf5 exf5 33. Ne2+
Ke3 34. Kd1 Kxf3 35. Nd4+ Ke4 36. Ne6 g4 37. hxg4 fxg4 38. Ke2 h3 39. Kf2 g3+
40. Kg1 h2+ 41. Kg2 a5 42. a4 Kd5 43. Ng5 Kc4 44. Ne4 Be5 45. Nd2+ Kb4 46. Nf3
Bc7 0-1

[Event "Challenge"]
[Site "http://www.queenalice.com/game.php?id=1630319"]
[Date "2020.10.20"]
[Round "-"]
[White "rfbcsa"]
[Black "Silviamonica"]
[Result "1-0"]
[WhiteElo "1779"]
[BlackElo "1359"]

1. e4 c5 2. d4 cxd4 3. c3 e5 4. Nf3 Nf6 5. Bd3 Nc6 6. O-O Be7 7. Re1 O-O 8. Bb5
d6 9. h3 Bd7 10. Bd2 Rc8 11. b3 a6 12. Bd3 Qc7 13. Qe2 b5 14. Rc1 Qb8 15. Bg5
Rfe8 16. Nbd2 Nh5 17. cxd4 Bxg5 18. Nxg5 Nf4 19. Qe3 Nxd4 20. Ngf3 Nc6 21. a3 h6
22. b4 Re6 23. Kh2 Ree8 24. Nh4 Be6 25. Nf5 Ne7 26. Qg3 Nxf5 27. exf5 Bd5 28.
Be4 Bxe4 29. Nxe4 Ne2 30. Qg4 Nxc1 31. f6 g6 32. Qh4 h5 33. g4 d5 34. gxh5 Rc4
35. hxg6 fxg6 36. Qh6 Qc7 37. Qxg6+ Kh8 38. f7 Qxf7 39. Qxf7 Rcc8 40. Nf6 1-0

[Event "Let's Play H-15"]
[Site "http://www.queenalice.com/game.php?id=1633347"]
[Date "2020.11.19"]
[Round "-"]
[White "Rider"]
[Black "Silviamonica"]
[Result "0-1"]
[WhiteElo "1554"]
[BlackElo "1359"]

1. e4 c5 2. c4 Nc6 3. Be2 e5 4. Nc3 Nf6 5. Bf3 Be7 6. Nge2 O-O 7. b3 Nd4 8. Nxd4
cxd4 9. Ne2 b6 10. a3 Bb7 11. a4 Nxe4 12. d3 Nd6 13. Bxb7 Nxb7 14. O-O d5 15.
Ng3 Rc8 16. cxd5 Qxd5 17. Bd2 Nc5 18. b4 Nxd3 19. Nf5 Bf6 20. b5 e4 21. Ng3 Rfd8
22. Rb1 Rc4 23. Nh5 Be5 24. a5 g6 25. Bg5 Rd7 26. axb6 axb6 27. Bf6 Nf4 28. Bxe5
Nxh5 29. Bb8 d3 30. Qb3 Ng7 31. Qb2 Ne6 32. Rfd1 Rc2 33. Qb4 Qd4 34. Qe1 f5 35.
Rd2 Rxd2 36. Qxd2 Rd8 37. Bg3 Rc8 38. h3 Rc2 39. Qd1 Qc5 40. Be5 Qxe5 41. Rc1
Nd4 42. Rxc2 Nxc2 43. Qd2 Qxb5 44. g3 Qd7 45. Kh2 b5 46. h4 b4 47. Kh3 Kg7 48.
h5 gxh5 49. Qg5+ Kf7 50. Qxh5+ Kf6 51. Qh6+ Ke5 52. Qf4+ Kd4 53. Qh6 Kc4 54.
Qa6+ Kb3 55. Kg2 e3 56. fxe3 Nxe3+ 57. Kf3 Nc2 58. Qh6 Qd5+ 59. Kf2 d2 60. Qh5
d1=Q 61. Qxd1 Qxd1 62. g4 Qd4+ 63. Kg3 Qxg4+ 64. Kf2 Qc4 65. Kg3 Kc3 66. Kf3 b3
67. Kf2 b2 68. Kf3 b1=R 69. Kg3 Kb4 70. Kf3 Rb3+ 71. Kf2 Nd4 72. Ke1 Qe2# 0-1

[Event "Challenge"]
[Site "http://www.queenalice.com/game.php?id=1636447"]
[Date "2020.12.14"]
[Round "-"]
[White "Silviamonica"]
[Black "rfbcsa"]
[Result "1/2-1/2"]
[WhiteElo "1359"]
[BlackElo "1792"]

1. e4 e6 2. Nf3 c5 3. c4 g6 4. Nc3 Bg7 5. d4 cxd4 6. Nb5 Qb6 7. Bd3 a6 8. Na3
Nc6 9. O-O Nge7 10. Rb1 O-O 11. b3 d6 12. Bb2 Qc7 13. Nc2 Qb6 14. Qe2 e5 15. Nd2
f5 16. Ba3 Qc7 17. c5 dxc5 18. Bxc5 b6 19. Ba3 b5 20. Nf3 Bb7 21. Ng5 Bc8 22. h4
h6 23. Nf3 Bb7 24. Rbc1 Qd7 25. Bc5 Rac8 26. b4 fxe4 27. Bxe4 Qg4 28. Bxe7 Rf4
29. Rfe1 Nxe7 30. Bxb7 Rcf8 31. Nxe5 Qxh4 32. g3 Qg5 33. Nf3 Qg4 34. Qxe7 Rxf3
35. Qe6+ Qxe6 36. Rxe6 Rxf2 37. Be4 Re2 38. Re1 Rd2 39. Bxg6 d3 40. Ne3 Re2 41.
Rd1 d2 42. Bd3 Re1+ 43. Kg2 Bd4 44. Rxd2 Bxe3 45. Rc2 Rg1+ 46. Kh2 Rf3 47. Rg6+
Kf8 48. Rcc6 Rc1 49. Rcf6+ Rxf6 50. Rxf6+ Ke7 51. Rxa6 Ra1 1/2-1/2

[Event "Let's Play Chess!"]
[Site "http://www.queenalice.com/game.php?id=1638838"]
[Date "2021.1.4"]
[Round "-"]
[White "Silviamonica"]
[Black "jbliborio"]
[Result "1-0"]
[WhiteElo "1408"]
[BlackElo "1281"]

1. e4 d5 2. exd5 Qxd5 3. Nc3 Qa5 4. Nf3 Bg4 5. Be2 Nf6 6. O-O Nc6 7. d4 e6 8.
Bf4 Bd6 9. Bxd6 cxd6 10. a3 O-O 11. Qd3 e5 12. b4 e4 13. Nxe4 Qd5 14. Nxf6+ gxf6
15. c4 Qh5 16. Rfe1 Qg6 17. Rad1 Rae8 18. Kf1 Qxd3 19. Rxd3 Bf5 20. Re3 Rxe3 21.
fxe3 a5 22. b5 Ne7 23. Nd2 b6 24. Kg1 d5 25. c5 1-0

[Event "Challenge"]
[Site "http://www.queenalice.com/game.php?id=1640150"]
[Date "2021.1.16"]
[Round "-"]
[White "rfbcsa"]
[Black "Silviamonica"]
[Result "0-1"]
[WhiteElo "1789"]
[BlackElo "1429"]

1. e4 c6 2. Ne2 d5 3. e5 Bf5 4. Ng3 Bg6 5. h4 h6 6. h5 Bh7 7. e6 fxe6 8. d4 Qd6
9. Bd3 Nf6 10. Bg6+ Bxg6 11. hxg6 Nbd7 12. Qe2 O-O-O 13. c4 Qb4+ 14. Nd2 dxc4
15. Qxc4 Nd5 16. a3 Qd6 17. b4 e5 18. b5 exd4 19. bxc6 Qxc6 20. Qxd4 e5 21. Qg4
Nf6 22. Qh3 Qa6 23. Bb2 Kb8 24. Ne2 Bd6 25. Qf3 Nc5 26. Qc3 Nd3+ 27. Kf1 Rc8 28.
Qb3 Nf4 29. Qd1 Qxe2+ 30. Qxe2 Nxe2 31. Kxe2 Rc2 32. Rab1 Rhc8 33. Kd1 R2c6 34.
f3 Nd5 35. Re1 Nf4 36. Bxe5 Bxe5 37. Rxe5 Nxg6 38. Reb5 b6 39. g3 Ne7 40. Ke2
Rc2 41. R1b2 Rxb2 42. Rxb2 Kb7 43. a4 Nd5 44. Ne4 Nc3+ 45. Nxc3 Rxc3 46. Rb4 a5
47. Rh4 b5 48. Rh5 bxa4 49. Rxa5 a3 50. g4 Kb6 51. Ra8 Kb5 0-1

[Event "Challenge"]
[Site "http://www.queenalice.com/game.php?id=1640501"]
[Date "2021.1.19"]
[Round "-"]
[White "jsiebel"]
[Black "Silviamonica"]
[Result "0-1"]
[WhiteElo "1436"]
[BlackElo "1510"]

1. e4 c6 2. e5 d5 3. exd6 e5 4. d4 Bxd6 5. dxe5 Qa5+ 6. Qd2 Qxe5+ 7. Be2 Nf6 8.
Nf3 Qe7 9. Nc3 O-O 10. O-O Bg4 11. h3 Bh5 12. a4 Qc7 13. Ng5 Bg6 14. f4 h6 15.
Nf3 Nbd7 16. g4 Ne4 17. Nxe4 Bxe4 18. g5 h5 19. Nh4 g6 20. a5 Rfd8 21. c4 Nc5
22. Bd1 Ne6 23. Bf3 Bc5+ 24. Qf2 Bxf2+ 25. Kxf2 Bxf3 26. Nxf3 Rd7 27. b4 Rad8
28. Bb2 Rd3 29. b5 cxb5 30. cxb5 Qc2+ 31. Kg3 Qxb2 32. b6 a6 33. Rae1 Qb3 34.
Kf2 Rxf3+ 35. Kg2 Rxf1 36. Rxf1 Rd3 0-1

[Event "Challenge"]
[Site "http://www.queenalice.com/game.php?id=1640502"]
[Date "2021.1.19"]
[Round "-"]
[White "Silviamonica"]
[Black "jsiebel"]
[Result "1-0"]
[WhiteElo "1484"]
[BlackElo "1485"]

1. e4 e5 2. Nf3 Nc6 3. Bb5 Nf6 4. Nc3 Bc5 5. Nxe5 Nxe5 6. d4 Bxd4 7. Qxd4 Qe7 8.
O-O c5 9. Qd1 c4 10. Nd5 Nxd5 11. Qxd5 f6 12. f4 Ng4 13. Qh5+ g6 14. Qd5 f5 15.
e5 a6 16. Bxc4 Ra7 17. h3 Nxe5 18. fxe5 a5 19. Qd6 Qxd6 20. exd6 Kf8 21. Bh6+
Ke8 22. Rfe1+ 1-0

[Event "Challenge"]
[Site "http://www.queenalice.com/game.php?id=1642503"]
[Date "2021.2.4"]
[Round "-"]
[White "Silviamonica"]
[Black "jbliborio"]
[Result "1-0"]
[WhiteElo "1505"]
[BlackElo "1269"]

1. e4 e5 2. Nf3 Nc6 3. Bb5 a6 4. Bxc6 bxc6 5. d4 d6 6. dxe5 d5 7. Nc3 f6 8. exd5
cxd5 9. Qxd5 Qxd5 10. Nxd5 f5 11. Nxc7+ 1-0

[Event "Challenge"]
[Site "http://www.queenalice.com/game.php?id=1643407"]
[Date "2021.2.12"]
[Round "-"]
[White "Silviamonica"]
[Black "FLeicher"]
[Result "0-1"]
[WhiteElo "1531"]
[BlackElo "1500"]

1. e4 c5 2. Nf3 d6 3. Bc4 Nc6 4. a4 Nf6 5. Nc3 e6 6. d3 a6 7. Bb3 Be7 8. O-O O-O
9. Bd2 Bd7 10. Ne2 Na5 11. c3 Nxb3 12. Qxb3 Bc6 13. Ng3 Qc7 14. Rfe1 b5 15. axb5
axb5 16. h3 h6 17. Nh2 Nd7 18. Qc2 Ne5 19. b3 Ra7 20. f4 Bh4 21. Kf2 Bxg3+ 22.
Kxg3 Rxa1 23. Rxa1 Ng6 24. Nf3 f5 25. Ra2 Qf7 26. e5 dxe5 27. Nxe5 Nxe5 28. fxe5
Qg6+ 29. Kf2 Qxg2+ 30. Ke1 Qg1+ 31. Ke2 f4 32. Be1 f3+ 33. Kd1 f2 0-1

[Event "Challenge"]
[Site "http://www.queenalice.com/game.php?id=1644828"]
[Date "2021.2.25"]
[Round "-"]
[White "lgraham"]
[Black "Silviamonica"]
[Result "0-1"]
[WhiteElo "1463"]
[BlackElo "1517"]

1. e4 c5 2. a3 Nc6 3. Bc4 e6 4. Ne2 Nf6 5. d3 d5 6. exd5 exd5 7. Bb3 Bd6 8. O-O
O-O 9. Nbc3 Be6 10. Bg5 Be7 11. Nf4 Nd4 12. Nce2 Nxb3 13. cxb3 Bf5 14. d4 b6 15.
b4 c4 16. Ng3 Bg6 17. Bxf6 Bxf6 18. Re1 Qd6 19. Nxg6 fxg6 20. Qg4 b5 21. Qe6+
Qxe6 22. Rxe6 Rfe8 23. Rae1 Rxe6 24. Rxe6 Kf7 25. Rd6 Rd8 26. Ra6 Rd7 27. Ne2 g5
28. a4 bxa4 29. Rxa4 Bd8 30. Ra6 Bb6 31. Nc3 Bxd4 32. h3 Bxc3 33. bxc3 Ke8 34.
g3 Kf7 35. b5 d4 36. cxd4 Rxd4 37. Rxa7+ Kf6 38. Ra6+ Ke7 39. b6 Rd1+ 40. Kg2
Rb1 41. Ra7+ Kf6 42. b7 c3 43. Ra6+ Ke5 44. Ra5+ Kd4 45. Ra4+ Kd3 0-1

[Event "Challenge"]
[Site "http://www.queenalice.com/game.php?id=1647188"]
[Date "2021.3.20"]
[Round "-"]
[White "Silviamonica"]
[Black "rfbcsa"]
[Result "0-1"]
[WhiteElo "1515"]
[BlackElo "1815"]

1. e4 c5 2. Nf3 Nc6 3. d4 cxd4 4. Nxd4 e5 5. Nxc6 bxc6 6. Bc4 Ba6 7. b3 Bxc4 8.
bxc4 Nf6 9. Nc3 Bb4 10. Qd3 O-O 11. f3 Qb6 12. Be3 Qa5 13. Bd2 d5 14. cxd5 cxd5
15. Nxd5 Rfd8 16. c3 Nxd5 17. exd5 Qa3 18. O-O Bc5+ 19. Kh1 Rab8 20. Rfb1 Rxb1+
21. Qxb1 Rxd5 22. Be1 Bb6 23. h4 Qc5 24. Bg3 g6 25. Qe4 f5 26. Qb4 Qc7 27. Bh2
Qf7 28. Qb3 f4 29. Bg1 Rd6 30. Qc2 Qe7 31. Bxb6 Qxh4+ 32. Kg1 Rxb6 33. c4 Qd8
34. a4 Qd4+ 0-1

[Event "Challenge"]
[Site "http://www.queenalice.com/game.php?id=1648141"]
[Date "2021.3.29"]
[Round "-"]
[White "Silviamonica"]
[Black "jbliborio"]
[Result "1-0"]
[WhiteElo "1509"]
[BlackElo "1268"]

1. e4 e5 2. Nf3 Nc6 3. d4 d6 4. Bb5 Bd7 5. Nc3 a6 6. Ba4 b5 7. Bb3 exd4 8. Nxd4
b4 9. Nce2 Nf6 10. f3 g6 11. Bg5 Be7 12. Bh6 Nxd4 13. Nxd4 c5 14. Ne2 Bb5 15. c3
a5 16. Bg7 Rg8 17. Bxf6 Bxf6 18. Bd5 Rc8 19. Rb1 Qe7 20. c4 Bd7 21. O-O Be6 22.
Nf4 Bd7 23. Bb7 Rc7 24. Nd5 Bd4+ 25. Kh1 Qd8 26. Nxc7+ Qxc7 27. Bd5 h5 28. f4
Rh8 29. Qe1 Kf8 30. b3 Ke7 31. h3 Bc3 32. Qe2 Be6 33. Rf3 f5 34. exf5 1-0

[Event "Challenge"]
[Site "http://www.queenalice.com/game.php?id=1763712"]
[Date "2021.7.4"]
[Round "-"]
[White "Silviamonica"]
[Black "jbliborio"]
[Result "1-0"]
[WhiteElo "1544"]
[BlackElo "1289"]

1. e4 e5 2. Nf3 Nc6 3. Bb5 a6 4. Bxc6 dxc6 5. d4 exd4 6. Qxd4 Qxd4 7. Nxd4 Be7
8. Bf4 Bd6 9. Be3 Nf6 10. Nc3 O-O 11. O-O-O c5 12. Nf5 Bxf5 13. exf5 c6 14. h3
Nd5 15. Nxd5 cxd5 16. Rxd5 Rad8 17. Rhd1 Be7 18. Rxd8 Bxd8 19. Bxc5 Re8 20. Be3
Bf6 21. c4 b6 22. Bxb6 a5 23. Be3 h6 24. Kc2 g5 25. a4 Rb8 26. b3 Kg7 27. Bd4
Rc8 28. Bxf6+ Kxf6 29. g4 Re8 30. Kc3 Ke7 31. Re1+ 1-0

[Event "Challenge"]
[Site "http://www.queenalice.com/game.php?id=1765169"]
[Date "2021.7.23"]
[Round "-"]
[White "Silviamonica"]
[Black "rfbcsa"]
[Result "1/2-1/2"]
[WhiteElo "1533"]
[BlackElo "1798"]

1. e4 e6 2. d4 d5 3. exd5 exd5 4. Nf3 Bg4 5. Bd3 Nc6 6. c3 Bd6 7. O-O Nge7 8.
Nbd2 Qd7 9. Qc2 h6 10. Re1 O-O-O 11. b4 a6 12. a4 Na7 13. b5 a5 14. Ba3 b6 15.
Bxd6 Qxd6 16. Ne5 Be6 17. Re3 f6 18. Ng6 Nxg6 19. Bxg6 Qf8 20. Rae1 Bf7 21. Bf5+
Kb7 22. Nf3 Nc8 23. Nh4 g5 24. Bxc8+ Rxc8 25. Ng6 Bxg6 26. Qxg6 Rg8 27. Qf5 Qf7
28. Re7 Rge8 29. Rxe8 Rxe8 30. Rxe8 Qxe8 31. Qxd5+ Ka7 32. Kf1 Qg6 33. Qb3 Qd3+
1/2-1/2

[Event "Challenge"]
[Site "http://www.queenalice.com/game.php?id=1775978"]
[Date "2021.12.1"]
[Round "-"]
[White "Silviamonica"]
[Black "jbliborio"]
[Result "1-0"]
[WhiteElo "1550"]
[BlackElo "1355"]

1. e4 e5 2. Nf3 Nf6 3. Nc3 Bb4 4. d3 O-O 5. Bd2 Nc6 6. Be2 d6 7. O-O Be6 8. h3
g6 9. Bg5 Nd4 10. Nb1 Nxe2+ 11. Qxe2 c6 12. c3 Ba5 13. Nbd2 Kg7 14. Qe3 Bb6 15.
d4 Qd7 16. Bh6+ 1-0

[Event "Sílvia"]
[Site "http://www.queenalice.com/game.php?id=1780652"]
[Date "2022.1.17"]
[Round "-"]
[White "rfbcsa"]
[Black "Silviamonica"]
[Result "0-1"]
[WhiteElo "1883"]
[BlackElo "1559"]

1. e4 e5 2. Nf3 Nc6 3. Bb5 d6 4. d4 exd4 5. Nxd4 Bd7 6. Nxc6 bxc6 7. Ba4 Nf6 8.
Nc3 Be7 9. O-O O-O 10. Bg5 Ng4 11. Bxe7 Qxe7 12. Qf3 Ne5 13. Qe2 Kh8 14. h3 f5
15. f4 Ng6 16. Rae1 Rae8 17. exf5 Qxe2 18. Rxe2 Rxe2 19. Nxe2 Bxf5 20. Nd4 c5
21. Nxf5 Rxf5 22. c4 Rxf4 23. Rxf4 Nxf4 24. Bc2 Ne2+ 25. Kf2 Nd4 26. Be4 g6 27.
g4 g5 28. Ke3 a5 29. b3 Kg7 30. Bd5 Kf6 31. Bg8 h6 32. Bh7 Ke5 33. Be4 Ne6 34.
Bg2 Nf4 35. Bf1 c6 36. a4 d5 0-1

[Event "Challenge"]
[Site "http://www.queenalice.com/game.php?id=1781519"]
[Date "2022.1.27"]
[Round "-"]
[White "Silviamonica"]
[Black "jbliborio"]
[Result "1-0"]
[WhiteElo "1588"]
[BlackElo "1326"]

1. d4 d6 2. Nf3 Bg4 3. Nc3 e5 4. dxe5 Nc6 5. Bf4 f6 6. exd6 cxd6 7. Qd2 g5 8.
Bg3 Nge7 9. Bxd6 Bg7 10. O-O-O Nf5 11. Ba3 Bf8 12. Bxf8 Kxf8 13. h3 Qxd2+ 14.
Rxd2 Bxf3 15. exf3 Re8 16. Bb5 a6 17. Bxc6 bxc6 18. Rhd1 1-0